Gaming Quiz

Random Gaming or Minecraft Quiz

Minecraft mobs Quiz Stats

 Plays Quiz not verified by Sporcle

Score 0/21 Timer 05:00
0 Plays Today
Answer % Correct
creeper
88.9%
skeleton
88.9%
pig
77.8%
cow
77.8%
spider
77.8%
zombie
77.8%
sheep
61.1%
chicken
61.1%
wither
61.1%
magma cube
61.1%
ender dragon
55.6%
Answer % Correct
enderman
50%
slime
50%
zombie pigman
50%
wolf
33.3%
ocelot
27.8%
iron golem
27.8%
ghasts
16.7%
steve
11.1%
blazes
11.1%
cave spiders
5.6%

You're not logged in!

Compare scores with friends on all Sporcle quizzes.
OR
Log In

Show Comments

Extras

Created Jan 29, 2014SourceReportNominate
Tags:Minecraft Quiz, mob

Top Quizzes Today


Score Distribution

Your Account Isn't Verified!

In order to create a playlist on Sporcle, you need to verify the email address you used during registration. Go to your Sporcle Settings to finish the process.

Report this User

Report this user for behavior that violates our Community Guidelines.

Details: